[Event "Kragero op"]
[Site "Kragero"]
[Date "2023.02.25"]
[Round "7"]
[White "Briem, Benedikt"]
[Black "Francs, Marats"]
[Result "1-0"]
[WhiteElo "2096"]
[BlackElo "2005"]
[PlyCount "97"]
[EventDate "2023.02.22"]
[EventType "swiss"]
[EventRounds "9"]
[EventCountry "NOR"]
[SourceTitle "CBM 212 Extra"]
[Source "ChessBase"]
[SourceDate "2023.03.31"]
[SourceVersion "1"]
[SourceVersionDate "2023.03.31"]
[SourceQuality "1"]

1. d4 Nf6 2. c4 g6 3. Nc3 Bg7 4. e4 d6 5. Be2 0-0 6. Nf3 e5 7. Be3 h6 8. h3 exd4 9. Nxd4 Re8 10. Qc2 c5 11. Nb3 Qe7 12. f3 Nc6 13. 0-0-0 Be6 14. Qd2 Nd4 15. Nxd4 cxd4 16. Bxd4 a6 17. Nd5 Bxd5 18. Bxf6 Qxf6 19. cxd5 b5 20. Kb1 Rab8 21. Rc1 a5 22. Rc6 b4 23. Bd1 b3 24. a3 h5 25. Be2 Kh7 26. Ba6 Re7 27. Qe2 Qe5 28. Qf2 Qf4 29. g3 Qf6 30. Bd3 Ree8 31. h4 Rbc8 32. Rhc1 Rcd8 33. R1c4 Qe5 34. f4 Qf6 35. Rb6 Re7 36. e5 Rxe5 37. Rxb3 Rxd5 38. Qf3 Rc5 39. Rxc5 dxc5 40. Qxh5+ Kg8 41. Qe2 a4 42. Rb7 Qd4 43. Bc4 Qg1+ 44. Kc2 Qxg3 45. Rxf7 Qxh4 46. f5 Rd4 47. Qe8+ Kh7 48. Rxg7+ Kxg7 49. Qf7+ 1-0

[Event "Kragero op"]
[Site "Kragero"]
[Date "2023.02.23"]
[Round "4"]
[White "Francs, Marats"]
[Black "Berend, Fred"]
[Result "0-1"]
[WhiteElo "2005"]
[BlackElo "2272"]
[PlyCount "72"]
[EventDate "2023.02.22"]
[EventType "swiss"]
[EventRounds "9"]
[EventCountry "NOR"]
[SourceTitle "CBM 212 Extra"]
[Source "ChessBase"]
[SourceDate "2023.03.31"]
[SourceVersion "1"]
[SourceVersionDate "2023.03.31"]
[SourceQuality "1"]

1. d4 Nf6 2. c4 e6 3. Nc3 Bb4 4. e3 0-0 5. Bd3 d5 6. Nf3 dxc4 7. Bxc4 c5 8. a3 Bxc3+ 9. bxc3 Qc7 10. Ba2 Nc6 11. 0-0 e5 12. Bb2 Bg4 13. h3 Bh5 14. d5 e4 15. c4 exf3 16. Bxf6 gxf6 17. dxc6 Qxc6 18. g3 Rfd8 19. Qb3 Rd2 20. Bb1 Qd7 21. Kh2 Re8 22. Ra2 Rxa2 23. Qxa2 Bg6 24. Qb2 Re6 25. Bxg6 hxg6 26. Qc2 Rd6 27. Qe4 Rd1 28. Rxd1 Qxd1 29. g4 Qd6+ 30. Qf4 Qxf4+ 31. exf4 b5 32. Kg3 b4 33. axb4 cxb4 34. c5 Kf8 35. c6 Ke7 36. Kxf3 b3 0-1

[Event "Kragero op"]
[Site "Kragero"]
[Date "2023.02.22"]
[Round "1"]
[White "Zatonskih, Anna"]
[Black "Francs, Marats"]
[Result "1-0"]
[WhiteElo "2348"]
[BlackElo "2005"]
[PlyCount "75"]
[EventDate "2023.02.22"]
[EventType "swiss"]
[EventRounds "9"]
[EventCountry "NOR"]
[SourceTitle "CBM 212 Extra"]
[Source "ChessBase"]
[SourceDate "2023.03.31"]
[SourceVersion "1"]
[SourceVersionDate "2023.03.31"]
[SourceQuality "1"]

1. d4 Nf6 2. c4 g6 3. Nc3 Bg7 4. g3 0-0 5. Bg2 d6 6. Nf3 Nc6 7. 0-0 a6 8. b3 Rb8 9. Nd5 e6 10. Nxf6+ Bxf6 11. e4 e5 12. d5 Ne7 13. Bb2 c5 14. dxc6 Nxc6 15. Qd2 Bg4 16. Ne1 b5 17. cxb5 axb5 18. Nc2 b4 19. h3 Be6 20. Rfd1 Be7 21. f4 Rc8 22. Kh2 exf4 23. gxf4 Bf6 24. Ne3 Bxb2 25. Qxb2 Qh4 26. Rf1 f6 27. Rad1 Rcd8 28. Qc2 Ne7 29. Qc7 Rd7 30. Qb6 Rfd8 31. f5 Bf7 32. Rd4 Qg5 33. Rxb4 d5 34. exd5 Nc8 35. Qc5 Re8 36. Rf3 Rde7 37. Rg3 Qh5 38. Rb8 1-0

[Event "World ol U16"]
[Site "Nakhchivan"]
[Date "2022.10.07"]
[Round "6.12"]
[White "Francs, Marats"]
[Black "Isfandiyarli, Kamal"]
[Result "0-1"]
[WhiteElo "1956"]
[BlackElo "1585"]
[PlyCount "100"]
[EventDate "2022.10.02"]
[EventType "team-swiss"]
[EventRounds "9"]
[EventCountry "AZE"]
[SourceTitle "CBM 210 Extra"]
[Source "ChessBase"]
[SourceDate "2022.11.30"]
[SourceVersion "1"]
[SourceVersionDate "2022.11.30"]
[SourceQuality "1"]
[WhiteTeam "Latvia"]
[BlackTeam "Azerbaijan Sumgayit"]
[WhiteTeamCountry "LAT"]
[BlackTeamCountry "AZE"]

1. d4 Nf6 2. c4 e6 3. Nc3 d5 4. cxd5 exd5 5. Bg5 Be7 6. Qc2 0-0 7. e3 Nbd7 8. Bd3 c6 9. Nge2 Re8 10. 0-0 Nf8 11. Rae1 Bg4 12. f3 Bh5 13. Nf4 Bg6 14. Nxg6 Nxg6 15. Qf2 Qd7 16. f4 Nf8 17. h3 b5 18. a4 b4 19. Ne2 c5 20. Bxf6 c4 21. Bxe7 cxd3 22. Nc1 Rxe7 23. b3 Rc8 24. Nxd3 Rc3 25. Nc5 Qe8 26. e4 dxe4 27. Re3 Rxe3 28. Qxe3 Nd7 29. f5 Nf6 30. d5 Nxd5 31. Qd4 Nf6 32. Qxb4 e3 33. Re1 Re5 34. Nd3 Rxf5 35. Qd4 e2 36. Qxa7 Rd5 37. Nf2 h6 38. Qb6 Rd2 39. Qb4 Qe3 40. Kh2 Rd4 41. Qb8+ Kh7 42. Qg3 Qd2 43. Ng4 Ne4 44. Qh4 Qf4+ 45. g3 Qf1 46. Qh5 Qxe1 47. Qf5+ Kh8 48. Qc8+ Rd8 49. Qxd8+ Kh7 50. Qd3 Qxg3+ 0-1

[Event "World ol U16"]
[Site "Nakhchivan"]
[Date "2022.10.04"]
[Round "3.6"]
[White "Aslanov, Umid Fuad"]
[Black "Francs, Marats"]
[Result "1/2-1/2"]
[WhiteElo "2273"]
[BlackElo "1956"]
[PlyCount "119"]
[EventDate "2022.10.02"]
[EventType "team-swiss"]
[EventRounds "9"]
[EventCountry "AZE"]
[SourceTitle "CBM 210 Extra"]
[Source "ChessBase"]
[SourceDate "2022.11.30"]
[SourceVersion "1"]
[SourceVersionDate "2022.11.30"]
[SourceQuality "1"]
[WhiteTeam "Azerbaijan II"]
[BlackTeam "Latvia"]
[WhiteTeamCountry "AZE"]
[BlackTeamCountry "LAT"]

1. e4 c5 2. Nf3 d6 3. d4 cxd4 4. Nxd4 Nf6 5. Nc3 a6 6. Bc4 e6 7. Bb3 b5 8. 0-0 Be7 9. Qf3 Qc7 10. Qg3 0-0 11. Bh6 Ne8 12. Rad1 Bf6 13. Bg5 b4 14. Nce2 Bb7 15. Bxf6 Nxf6 16. f3 Qe7 17. Nf4 Bc8 18. Nde2 Nc6 19. Rd2 Bb7 20. Rfd1 Rad8 21. Qf2 Rd7 22. Ba4 Qd8 23. Nd4 Qc8 24. Nd3 a5 25. Nc1 d5 26. e5 Nxe5 27. Bxd7 Qxd7 28. Nd3 Nc4 29. Re2 Qc7 30. Qg3 Qb6 31. Qf2 Qc7 32. b3 Nd6 33. Kh1 Ba6 34. Ree1 Nd7 35. Qg3 Bxd3 36. cxd3 Qb6 37. Ne2 Nf5 38. Qf4 Qf2 39. Ng3 Nxg3+ 40. Qxg3 Qxa2 41. Rc1 Qxb3 42. Qc7 Nf6 43. d4 h5 44. Qxa5 h4 45. h3 Qb2 46. Red1 Nh5 47. Rb1 Ng3+ 48. Kh2 Qc3 49. Qxb4 Qe3 50. Qe1 Qxe1 51. Rxe1 Nf5 52. Red1 Rc8 53. Rbc1 Rxc1 54. Rxc1 Nxd4 55. Rc7 g6 56. Kg1 Kg7 57. Kf2 Nf5 58. Ke2 Kf6 59. f4 Nh6 60. Rc5 1/2-1/2

[Event "Riga Tech op 11th"]
[Site "Riga"]
[Date "2022.08.15"]
[Round "1"]
[White "Sarkar, Justin"]
[Black "Francs, Marats"]
[Result "1-0"]
[WhiteElo "2352"]
[BlackElo "1971"]
[PlyCount "107"]
[EventDate "2022.08.15"]
[EventType "swiss"]
[EventRounds "9"]
[EventCountry "LAT"]
[SourceTitle "CBM 209 Extra"]
[Source "ChessBase"]
[SourceDate "2022.09.30"]
[SourceVersion "1"]
[SourceVersionDate "2022.09.30"]
[SourceQuality "1"]

1. e4 c5 2. Nf3 e6 3. d4 cxd4 4. Nxd4 Nc6 5. Nc3 Qc7 6. Ndb5 Qb8 7. Be3 Nf6 8. f4 d6 9. Qf3 a6 10. Nd4 Be7 11. 0-0-0 Nxd4 12. Rxd4 b5 13. Be2 0-0 14. e5 Ne8 15. Rhd1 d5 16. R4d2 Bd7 17. Bd3 b4 18. Ne2 Bb5 19. Nd4 Bxd3 20. Nc6 Qc7 21. Nxe7+ Qxe7 22. Rxd3 Nc7 23. f5 exf5 24. Qxf5 Qe6 25. Qf4 Rfe8 26. Qxb4 Rab8 27. Qd6 Qc8 28. Rc3 Rb7 29. Bb6 Nb5 30. Rxc8 Nxd6 31. exd6 Rxc8 32. Bc7 Rbxc7 33. dxc7 Rxc7 34. Rxd5 Kf8 35. b3 Ke7 36. c4 Ke6 37. Kd2 f5 38. Kd3 g5 39. b4 Rb7 40. a3 Rb8 41. Kd4 h5 42. c5 a5 43. Rd6+ Kf7 44. Kc4 axb4 45. axb4 h4 46. c6 f4 47. Rd3 g4 48. Rd4 f3 49. gxf3 g3 50. hxg3 hxg3 51. Rg4 Ke6 52. Kc5 g2 53. Rxg2 Rf8 54. Re2+ 1-0

[Event "Split op 11th"]
[Site "Split"]
[Date "2022.07.18"]
[Round "4"]
[White "Francs, Marats"]
[Black "Bajlo, Kristijan"]
[Result "0-1"]
[WhiteElo "1889"]
[BlackElo "2201"]
[PlyCount "68"]
[EventDate "2022.07.16"]
[EventType "swiss"]
[EventRounds "9"]
[EventCountry "CRO"]
[SourceTitle "CBM 209 Extra"]
[Source "ChessBase"]
[SourceDate "2022.09.30"]
[SourceVersion "1"]
[SourceVersionDate "2022.09.30"]
[SourceQuality "1"]

1. d4 Nf6 2. c4 e6 3. Nf3 b6 4. a3 Bb7 5. Nc3 d5 6. cxd5 exd5 7. g3 Be7 8. Bg2 0-0 9. 0-0 Nbd7 10. Bf4 c6 11. Rc1 Re8 12. Qc2 Nf8 13. Ne5 Ne6 14. Rfd1 Nxf4 15. gxf4 h6 16. Rd3 Bd6 17. Rg3 Qe7 18. Re3 Qf8 19. Qf5 Bc8 20. Qd3 Bb7 21. Kh1 c5 22. dxc5 Bxc5 23. Rh3 Rad8 24. b4 Bd6 25. Qd4 Qe7 26. Nd3 Rc8 27. Rd1 Rc4 28. Nxd5 Rxd4 29. Nxe7+ Rxe7 30. Bxb7 Rxb7 31. Kg2 Rc7 32. e3 Rd5 33. Kf3 Rc3 34. Ke2 Rxa3 0-1

[Event "Riga Tech Rapid op"]
[Site "Riga"]
[Date "2021.08.08"]
[Round "1"]
[White "Francs, Marats"]
[Black "Pultinevicius, Paulius"]
[Result "0-1"]
[WhiteElo "1647"]
[BlackElo "2528"]
[PlyCount "52"]
[EventDate "2021.08.08"]
[EventType "swiss (rapid)"]
[EventRounds "9"]
[EventCountry "LAT"]
[SourceTitle "CBM 203 Extra"]
[Source "ChessBase"]
[SourceDate "2021.09.30"]
[SourceVersion "1"]
[SourceVersionDate "2021.09.30"]
[SourceQuality "1"]

1. Nf3 Nf6 2. c4 c5 3. d4 cxd4 4. Nxd4 e6 5. g3 Nc6 6. Nc3 Qb6 7. Nb3 Ne5 8. c5 Bxc5 9. Nxc5 Qxc5 10. Be3 Qc6 11. Rg1 Nc4 12. Bc1 d5 13. Bg2 Bd7 14. b3 Ne3 15. Bxe3 Qxc3+ 16. Bd2 Qd4 17. e3 Qb6 18. Bc3 Rc8 19. Bxf6 gxf6 20. Qd2 Ke7 21. Bf1 Rc5 22. Rc1 Rhc8 23. Rxc5 Qxc5 24. Bd3 Qc1+ 25. Qd1 Qb2 26. a4 Rc1 0-1

[Event "EU-ch U10 28th"]
[Site "Riga"]
[Date "2018.08.21"]
[Round "2"]
[White "Razygraev, Grigoriy"]
[Black "Francs, Marats"]
[Result "1/2-1/2"]
[WhiteElo "1061"]
[BlackElo "1385"]
[PlyCount "78"]
[EventDate "2018.08.20"]
[EventType "swiss"]
[EventRounds "9"]
[EventCountry "LAT"]
[SourceTitle "CBM 186 Extra"]
[Source "ChessBase"]
[SourceDate "2018.08.24"]
[SourceVersion "1"]
[SourceVersionDate "2018.08.24"]
[SourceQuality "1"]

1. d4 Nf6 2. Nf3 e6 3. Bf4 d5 4. e3 Bd6 5. Bg3 Bxg3 6. hxg3 Nbd7 7. Bd3 c5 8. c3 Qb6 9. Qb3 Qxb3 10. axb3 Ke7 11. Nbd2 h6 12. c4 b6 13. Ke2 Bb7 14. Rhe1 Nb8 15. Kf1 Nc6 16. dxc5 bxc5 17. e4 Nb4 18. Bb1 dxe4 19. Nxe4 Nxe4 20. Bxe4 Bxe4 21. Rxe4 Rhd8 22. Re5 Rd3 23. Re3 Rxe3 24. fxe3 Nc6 25. Ke2 Rb8 26. Ra6 Kd7 27. Nd2 Rb6 28. Ra3 f5 29. g4 g6 30. gxf5 gxf5 31. Kd3 Ne5+ 32. Kc3 a6 33. Ra5 Kc6 34. e4 f4 35. Kc2 Ng4 36. Kd3 Ne3 37. g3 Ng2 38. gxf4 Nxf4+ 39. Ke3 Ng6 1/2-1/2